000
00293nam a22001337a 4500
008
171027b xxu||||| |||| 00| 0 eng d
020
_a
0967471400
041
_a
eng
080
_2
2ND
_a
336
100
_a
56
101
_a
FIN
245
_a
21ST CENTURY WEALTH
_c
ESPERTI,R.A
942
_2
udc
_c
BK
999
_c
36267
_d
36267